LEADER 01148nam a2200253 i 4500 001 000000201664 003 CaOOAMICUS 005 20110503000000.0 008 110503s2001 it u000 u ita u 013 $a180368 020 $a97888887773668 040 $aSeMil$bita 100 1 $aElberti, Arturo,$c.$0(OLS)http://semarc/name/16327 245 12$aA gloria del suo nome :$bla liturgia nella Chiesa latina . introduzione generale allo studio della Liturgia /$cArturo Elberti. 260 $aNapoli :$bChirico,$c2001. 300 $a520 p. ;$c24 cm. 650 4$aLiturgia - Manuali.$0(OLS)http://semarc/subject/87 650 4$aLiturgia - Introduzioni.$0(OLS)http://semarc/subject/336 850 $aSeMil 852 $aSeMil$W1$xVenegono$y1$m3K IV 138$j152190$B152190$CSeMilBibl$Z2$F166716 $81 961 $aOmaggio: Mariani don Giovanni 996 $6020$a97888887773668$9(OLS)http://semarc/number/194405 996 $6245$aA gloria del suo nome :$bla liturgia nella Chiesa latina . introduzione generale allo studio della Liturgia$9(OLS)http://semarc/title/291858 996 $6260$aNapoli :$bChirico$9(OLS)http://semarc/publisher/32258 LEADER 01547nam a2200325 i 4500 001 000000124543 003 CaOOAMICUS 005 20040428000000.0 008 040428s1984 it u000 u ita u 013 $a97240 040 $aSeMil$bita 100 1 $aTusa, Vincenzo.$0(OLS)http://semarc/name/34980 245 13$aLa scultura in pietra di Selinunte /$cVincenzo Tusa ; note di Giovanni Pugliese Carratelli, Enrico Paribeni e Marcello Carapezza. 260 $aPalermo :$bSellerio,$ccopyr. 1984. 300 $a199 p. :$briccamente ill. ;$c35 cm. 490 0 $aI cristalli 500 $aContiene : Appendice al Catalogo ; Bibliografia. - In preliminari : Omaggio del Banco di Sicilia. - Fondo Card. C.M. Martini. 650 4$aMetope.$0(OLS)http://semarc/subject/24033 650 4$aScultura selinuntina - Sec. 7. a.C.-2.$0(OLS)http://semarc/subject/24034 650 4$aSelinunte - Templi greci - Decorazioni.$0(OLS)http://semarc/subject/24035 700 1 $aCarapezza, Marcello.$0(OLS)http://semarc/name/51731 700 1 $aParibeni, Enrico.$0(OLS)http://semarc/name/51730 700 1 $aPugliese Carratelli, Giovanni.$0(OLS)http://semarc/name/142 830 2$aI cristalli.$0(OLS)http://semarc/title/15235 850 $aSeMil 852 $aSeMil$W1$xVenegono$y1$m5H XII 37$j79091$B79091$CSeMilBibl$Z2$F82427 $8I 941 1 $a4 961 $aOmaggio: Martini Card. Carlo Maria 996 $6245$aLa scultura in pietra di Selinunte$9(OLS)http://semarc/title/183262 996 $6260$aPalermo :$bSellerio$9(OLS)http://semarc/publisher/32246